| 000 | 00563nam a2200181 a 4500 | ||
|---|---|---|---|
| 001 | 000039486 | ||
| 005 | 20201002031656.0 | ||
| 008 | 130703s2006 dr 000 0 spa d | ||
| 040 |
_aDO-SdBNP _bspa _cBNPHU |
||
| 100 | 1 |
_aReyes H., Pedro _965671 |
|
| 245 | 1 | 0 |
_aMatemática universitaria I / _cPedro Reyes. |
| 250 | _a2a ed. corr. y amp. | ||
| 260 |
_aSanto Domingo : _bUniversidad Tecnológica de Santo Domingo (UTESA), _c2006. |
||
| 300 |
_a159 p. ; _c23 cm. |
||
| 500 | _aIncluye cronología | ||
| 500 | _aIncluye anexos | ||
| 504 | _aBibliografía : p. 17-18 | ||
| 999 |
_c38976 _d38976 |
||